01363nam a2200361 a 4500001001200000003000800012006001900020007001500039008004100054010001700095020004300112020004000155020002700195040002100222035002100243050002500264082001800289245008400307260004000391300003500431490001000466504006600476533015200542630003300694650002000727650003400747655002900781700002000810710001700830830001100847856012600858999001700984ebr10395385CaPaEBRm u cr cn|||||||||080331s2008 nyua sb 001 0 eng d z 2008926129 z9780387772394 (softcover : alk. paper) z0387772391 (softcover : alk. paper) z9780387772400 (e-book) aCaPaEBRcCaPaEBR a(OCoLC)64942352614aQH324.2b.B56 2008eb04a572.8028522200aBioconductor case studiesh[electronic resource] /cFlorian Hahne ... [et al.]. aNew York, N.Y. :bSpringer,cc2008. ax, 283 p. :bill. (some col.).1 aUse R aIncludes bibliographical references (p. [271]-275) and index. aElectronic reproduction.bPalo Alto, Calif. :cebrary,d2011.nAvailable via World Wide Web.nAccess may be limited to ebrary affiliated libraries.00aBioconductor (Computer file) 0aBioinformatics. 0aR (Computer program language) 7aElectronic books.2local1 aHahne, Florian.2 aebrary, Inc. 0aUse R!40uhttp://site.ebrary.com/lib/rucke/Doc?id=10395385zAn electronic book accessible through the World Wide Web; click to view c88267d88267